[Event "St Petersburg Korchnoi Memorial op"]
[Site "St Petersburg"]
[Date "2023.08.21"]
[Round "5"]
[White "Klachkou, Platon"]
[Black "Merzanyukov, Vladislav"]
[Result "1-0"]
[WhiteElo "1935"]
[BlackElo "1606"]
[PlyCount "85"]
[EventDate "2023.08.18"]
[EventType "swiss"]
[EventRounds "9"]
[EventCountry "RUS"]
[SourceTitle "EXT 2024"]
[Source "ChessBase"]
[SourceDate "2023.10.10"]
[SourceVersion "1"]
[SourceVersionDate "2023.10.10"]
[SourceQuality "1"]

1. Nf3 Nf6 2. d4 e6 3. e3 d5 4. Bd3 c5 5. b3 cxd4 6. exd4 Nc6 7. Qe2 Bd6 8. 0-0 0-0 9. h3 Re8 10. Bb2 Qe7 11. Ne5 Nd7 12. f4 f6 13. Nd2 Rf8 14. Nxc6 bxc6 15. Rae1 Re8 16. c4 Qf7 17. b4 Ba6 18. b5 cxb5 19. c5 Bxc5 20. dxc5 Nxc5 21. Bxb5 Reb8 22. a4 Nxa4 23. Bxa6 Rxb2 24. Rc1 Qe7 25. Rc6 Nc5 26. Rc1 Ne4 27. Rc8+ Rxc8 28. Rxc8+ Qf8 29. Rxf8+ Kxf8 30. Qg4 f5 31. Qh4 Rxd2 32. Qd8+ Kf7 33. h4 Rd1+ 34. Kh2 Nf6 35. h5 Ng4+ 36. Kg3 Rc1 37. Qd7+ Kf6 38. Bb5 g6 39. Qxh7 gxh5 40. Be8 h4+ 41. Qxh4+ Kg7 42. Qe7+ Kh8 43. Bg6 1-0

[Event "St Petersburg Korchnoi Memorial op"]
[Site "St Petersburg"]
[Date "2023.08.19"]
[Round "3"]
[White "Karelov, Pavel"]
[Black "Merzanyukov, Vladislav"]
[Result "1-0"]
[WhiteElo "1960"]
[BlackElo "1606"]
[PlyCount "69"]
[EventDate "2023.08.18"]
[EventType "swiss"]
[EventRounds "9"]
[EventCountry "RUS"]
[SourceTitle "EXT 2024"]
[Source "ChessBase"]
[SourceDate "2023.10.10"]
[SourceVersion "1"]
[SourceVersionDate "2023.10.10"]
[SourceQuality "1"]

1. c4 Nf6 2. Nc3 e5 3. g3 c6 4. Nf3 e4 5. Nd4 d5 6. cxd5 cxd5 7. d3 Bc5 8. Nb3 Bb4 9. dxe4 Nxe4 10. Bd2 Bxc3 11. Bxc3 Nxc3 12. bxc3 0-0 13. Bg2 Be6 14. Qd2 Qc7 15. 0-0 Rd8 16. Rfd1 Na6 17. Nd4 Nc5 18. Nxe6 fxe6 19. Qe3 Re8 20. Rd4 b5 21. Re1 Na4 22. Rc1 Rac8 23. Rc2 Qa5 24. Bh3 Kh8 25. Rf4 Qc7 26. Qf3 Qd6 27. e4 d4 28. e5 Qxe5 29. cxd4 Qd6 30. Rxc8 Rxc8 31. Qb7 Rc1+ 32. Kg2 g5 33. Rf3 a6 34. Bxe6 Nb6 35. Qf7 1-0